000
00346pab a2200157 454500
008
180718b2007 xxu||||| |||| 00| 0 eng d
100
_a
Sri Aurobindo
245
_a
A preface on national education
260
_c
2007
300
_a
p.48-56.
362
_a
Apr-Jun
650
_a
Education
773
_a
Dialogue
908
_a
N
909
_a
74457
999
_c
74457
_d
74457